Pokemon de A-Z Gen 2 - Statistiques

Statistiques générales
  • Ce quiz a été pris 57 fois
  • Le résultat moyen est 21 sur 25
Statistiques - réponses
Lettre Type 1 Type 2 Stage Réponse % Correct
A Acier Vol 1/1 Airmure
98%
M Fée . 1/3 Mélo
91%
N Poison Vol 3/3 Nostenfer
91%
U Normal . 2/3 (Depuis Gen 8) Ursaring
91%
X Psy Vol 2/2 Xatu
91%
D Ténèbres Feu 2/2 Démolosse
89%
H Eau Dragon 3/3 Hyporoi
89%
W Électrik . 1/3 Wattouat
89%
Y Roche Sol 2/3 Ymphect
89%
V Feu Roche 2/2 Volcaropod
87%
Z Psy . 1/1 Zarbi
87%
F Ténèbres Glace 1/2 (Depuis Gen 4) Farfuret
85%
I Normal . 1/2 (Depuis Gen 9) Insolourdo
85%
K Combat . 2/2 Kapoera
85%
Q Psy . 2/2 (Depuis Gen 3) Qulbutoké
85%
T Normal Fée 1/3 Toudoudou
85%
J Plante . 3/3 Joliflor
83%
L Électrik . 2/3 Lainergie
83%
S Acier Sol 2/2 Steelix
80%
G Normal Psy 1/2 (Depuis Gen 9) Girafarig
78%
C Insecte Roche 1/1 Caratroc
74%
E Roche Sol 1/3 Embrylex
74%
R Électrik . 1/1 Raikou
72%
O Eau . 2/2 Octillery
70%
P Insecte . 1/2 Pomdepik
41%
Aucun quiz correspondant
Distribution des résultats
% des personnes avec chaque résultat
Percentile par nombre de réponses
Votre historique - résultats
Vous n’avez pas pris ce quiz